Statistics for Semi-Presidential Republic Countries

Click here to take the quiz!

General Stats

  • This quiz has been taken 67 times
  • The average score is 16 of 29

Answer Stats

Country% Correct
France
100%
Russia
89%
Azerbaijan
78%
Democratic Republic of the Congo
78%
Republic of the Congo
78%
Romania
78%
Ukraine
78%
Algeria
67%
Niger
67%
Poland
67%
Egypt
56%
Haiti
56%
Lithuania
56%
Portugal
56%
Sri Lanka
56%
East Timor
44%
Madagascar
44%
Mauritania
44%
Namibia
44%
Palestine
44%
São Tomé and Príncipe
44%
Syria
44%
Taiwan
44%
Cape Verde
33%
Mali
33%
Mongolia
33%
Mozambique
33%
Burkina Faso
22%
Guinea-Bissau
22%

Score Distribution

Percentile by Number Answered

Percent of People with Each Score

Your Score History

You have not taken this quiz